Speedrun Państwa Europy HARD - Statystyki

Ogólne statystyki
  • Ten quiz został rozwiązany 530 razy
  • Średni wynik to 28 z 46
Statystyki odpowiedzi
Hint Odpowiedź % Poprawnych
Paryż Francja
82%
Warszwa Polska
82%
Andora Andora
79%
Mińsk Białoruś
79%
Madryt Hiszpania
78%
Praga Czechy
77%
Berlin Niemcy
76%
Wiedeń Austria
75%
Bruksela Belgia
75%
Helsinki Finlandia
72%
Tirana Albania
71%
Zagrzeb Chorwacja
71%
Moskwa Rosja
70%
Wilno Litwa
69%
Kopenhaga Dania
68%
Tallin Estonia
68%
Ryga Łotwa
68%
Sofia Bułgaria
66%
Ateny Grecja
66%
Amsterdam Holandia
66%
Sarajewo Bośnia i Hercegowina
64%
Oslo Norwegia
63%
Kijów Ukraina
63%
Lizbona Portugalia
62%
Sztokholm Szwecja
62%
Dublin Irlandia
60%
Reykjavik Islandia
59%
Bratysława Słowacja
58%
Podgorica Czarnogóra
57%
Luksemburg Luksemburg
53%
Monako Monako
53%
Londyn Wielka Brytania
52%
Rzym Włochy
52%
Lublana Słowenia
51%
San Marino San Marino
49%
Vaduz Liechtenstein
48%
Belgrad Serbia
48%
Watykan Watykan
45%
Kiszyniów Mołdawia
44%
Bukareszt Rumunia
43%
Skopje Macedonia Północna
42%
Valetta Malta
41%
Berno Szwajcaria
40%
Budapeszt Węgry
40%
Ankara Turcja
33%
Nur-Sułtan Kazachstan
24%
Nie znaleziono quizów pasujących do podanych kryteriów
Rozkład punktacji
Procent ludzi z każdym wynikiem
Percentyl według liczby udzielonych odpowiedzi
Twoja historia wyników
Nie rozwiązałeś tego quizu